000
00298nam a2200121Ia 4500
008
220204s9999 xx 000 0 und d
082
_a
NR:62:678.06
_b
ENG
245
0
_a
Engineering design with Natural rubber
250
_a
Ed.5
260
_a
UK
_b
MRRDB
650
_a
Rubber engineering
942
_c
BK
999
_c
43636
_d
43636